プロ野球スピリッツA(プロスピA) 称号名 - Statistics

General Stats
  • This quiz has been taken 141 times
    85 since last reset
  • The average score is 18 of 50
Answer Stats
ランク ポジション 効果 称号名 % Correct
☆3 投手 スピリッツ+30 勝利の使者
85%
☆3 野手 スピリッツ+30 勝利の使者
85%
☆1 野手 ミート+1 ミート自慢
62%
☆1 野手 パワー+1 パワー自慢
62%
☆1 投手 スピリッツ+15 強心臓
56%
☆1 野手 スピリッツ+15 強心臓
56%
☆1 投手 球威+1 球威自慢
55%
☆1 投手 制球+1 制球自慢
55%
☆4 野手 ミート+1 パワー+3 バズーカー
53%
☆4 野手 ミート+2 走力+2 電光石火
52%
☆4 野手 ミート+3 パワー+1 安打製造機
50%
☆4 投手 球威+1 制球+3 ミスターコントロール
48%
☆2 投手 球威-1 制球+3 針の穴を通す制球
47%
☆4 投手 球威+3 制球+1 火の玉ボール
45%
☆3 投手 制球+3 精密機械
42%
☆4 野手 ミート+2 パワー+2 脅威のスラッガー
42%
☆2 投手 球威+2 制球-1 スピリッツ+10 反骨精神
41%
☆2 野手 ミート-1 パワー+2 スピリッツ+10 反骨精神
41%
☆1 野手 ミート-1 パワー+2 大砲
41%
☆4 投手 球威+2 スタミナ+2 永久機関
39%
☆3 野手 パワー+2 走力+1 稲妻
38%
☆4 投手 球威+3 スタミナ+1 超特急
33%
☆2 野手 ミート+3 パワー-1 コンタクトヒッター
33%
☆3 投手 スタミナ+3 鉄腕
32%
☆4 野手 ミート+2 パワー+1 走力+1 打撃を極めし者
32%
☆3 野手 パワー+3 怪力無双
32%
☆3 投手 球威+3 うなる剛腕
30%
☆1 投手 球威+2 制球-1 ケンカ投法
29%
☆2 野手 ミート-1 パワー+3 ミスターフルスイング
27%
☆3 野手 ミート+3 好球必打
26%
☆2 野手 パワー+2 圧倒的パワー
26%
☆3 投手 球威+1 制球+2 技巧派
24%
☆3 投手 球威+2 制球+1 本格派
24%
☆2 野手 ミート+1 パワー+1 強打者
24%
☆2 投手 球威+2 圧倒的な球威
23%
☆2 投手 球威+3 制球-1 全力投球
23%
☆3 野手 ミート+2 走力+1 超人
23%
☆2 投手 球威+1 制球+1 好投手
21%
☆3 野手 ミート+2 パワー+1 スナイパー
21%
☆2 野手 パワー+1 走力+1 ラン&ガン
21%
☆4 投手 球威+2 制球+2 魂の投球
20%
☆2 投手 制球+2 圧倒的な制球
20%
☆2 野手 ミート+2 圧倒的なミート力
20%
☆1 投手 球威-1 制球+2 丁寧な投球
18%
☆3 投手 球威+2 スタミナ+1 不屈の闘志
17%
☆3 野手 ミート+1 パワー+2 飛ばし屋
15%
☆2 野手 ミート+1 走力+1 切り込み隊長
15%
☆1 野手 ミート+2 パワー-1 打撃職人
14%
☆2 投手 球威+1 スタミナ+1 攻めの投球術
8%
☆2 投手 制球+1 スタミナ+1 粘りの投球
8%
No matching quizzes found
Score Distribution
Percent of People with Each Score
Percentile by Number Answered
Your Score History
You have not taken this quiz since the last reset